000 00444nam a2200133 a 4500
008 120416s1968 xx |||||||||||||| || u
050 _aTS 350 Fan
100 _aFancutt, F
245 1 0 _aProtective painting of structural steel
250 _a2nd ed.
260 _c1968
350 _a0.00
995 _D0.00
_FCBU-MAIN LIBRARY (Kitwe)
_H1
_I2.00
_M1
_UAVAILABLE
_ZAnnex Low-Usage Collection
999 _c55185
_d55185